| 000 | nam a22 a 4500 | ||
|---|---|---|---|
| 999 |
_c597 _d597 |
||
| 003 | AKMAL | ||
| 005 | 20170504122054.0 | ||
| 008 | 170504s2000 my 00 may d | ||
| 020 |
_a9839315390 (kkt.): _cRM23.00 |
||
| 040 | _aAKMAL | ||
| 082 | 0 | 4 |
_a158.1 HIL _221 |
| 090 | 0 | 0 |
_a158.1 _bHIL |
| 100 | 1 |
_aHill, Napoleon, _d1883-1970 _91 |
|
| 245 | 1 | 0 |
_aMenjadi kaya dengan kedamaian fikiran / _cNapoleon Hill ; penterjemah Megat Ahmad Supian |
| 260 |
_aBatu Caves : _bAlbaz Pub. & Distribution, _c2000 |
||
| 300 | 0 | 0 |
_aviii, 294ms. ; _c23cm |
| 500 | _aEdisi terjemahan bahasa Malaysia | ||
| 650 | 0 |
_aSuccess in business _91084 |
|
| 650 | 0 |
_aWealth _91315 |
|
| 650 | 0 |
_aAchievement motivation _91159 |
|
| 700 | 0 |
_aMegat Ahmad Supian _93 |
|
| 942 |
_2ddc _cBOOK |
||